Primeres jornades sobre medicina Preventiva i Predictiva : edició de les conferències presentades pels professors / Carles Vallbona i Joan Oró els dies 9, 10, 11 i 12 de juny de 1998 amb motiu de la inauguració oficial del la Fundació Mil·leni ; pròleg de Jorge Wagensberg edició de les conferències presentades pels professors / Carles Vallbona i Joan Oró els dies 9, 10, 11 i 12 de juny de 1998 amb motiu de la inauguració oficial del la Fundació Mil·leni ; pròleg de Jorge Wagensberg

Publicat: Barcelona : Fundació Mil·leni , 1999
Descripció física: 94, 2 p. ; 28 cm

MARC

LEADER 00000nam a2200000Ia 4500
001 13408
003 BGR
005 20260324175659.0
008 160829s1999 xx 000 0 cat d
080 |a C-1-157 
111 |a Jornades sobre Medicina Preventiva i Predictiva  |9 70913  |c (Barcelona :  |d 1998) 
245 |a Primeres jornades sobre medicina Preventiva i Predictiva :  |b  edició de les conferències presentades pels professors / Carles Vallbona i Joan Oró els dies 9, 10, 11 i 12 de juny de 1998 amb motiu de la inauguració oficial del la Fundació Mil·leni ; pròleg de Jorge Wagensberg 
260 |a Barcelona :  |b Fundació Mil·leni,  |c 1999 
300 |a 94, 2 p. ;  |c 28 cm 
650 |a Medicina preventiva  |x Congressos  |9 28001 
700 |a Vallbona, Carles   |9 37666  |e autor 
700 |a Oró, Joan   |9 37667  |e autor 
700 1 |a Wagensberg, Jorge,  |d 1948-2018  |e autor del pròleg  |9 44148 
901 |a Arxiu 
942 |n 1  |2 udc  |c JC 
952 |0 0  |1 0  |4 0  |6 C1157  |7 1  |9 47987  |a Arxiu  |b Arxiu  |d 2016-12-01  |l 0  |o C-1-157  |p 13408  |r 2016-12-01 00:00:00  |w 2016-12-01  |y ARXIU 
999 |c 51788  |d 51788